000 01135cam a2200349 a 4500
001 15660955
003 OCoLC
005 20251114140430.0
008 880705s1987 ie ab b 001 0 eng
010 _a88157080
020 _a1851820221
020 _a9781851820221
020 _a1851820213
_q(cased)
020 _a9781851820214
_q(cased)
035 _a(OCoLC)15660955
_z(OCoLC)59890264
040 _aUk
_beng
_cDLC
_dUKM
_dUKV3G
_dBAKER
_dBTCTA
_dYDXCP
_dDEBBG
_dOCLCO
_dOCLCQ
_dOCLCF
_dP4I
_dOCLCQ
_dUEJ
_dCOR
041 1 _aeng
_hspa
042 _alccopycat
050 0 4 _aBS511.2
_b.F84 1987
100 1 _aFuentes, Antonio.
245 1 2 _aA guide to the Bible /
_cAntonio Fuentes, translation by Michael Adams.
260 _aDublin :
_bFour Courts Press,
_c1987.
300 _a262 pages :
_billustrations, maps ;
_c22 cm.
336 _atext
_btxt
_2rdacontent.
337 _aunmediated
_bn
_2rdamedia.
338 _avolume
_bnc
_2rdacarrier.
504 _aIncludes bibliographical references and index.
630 0 0 _aBible.
630 0 0 _aBible
_xCriticism, interpretation, etc.
630 0 0 _aBible
_xStudy and teaching.
942 _cBK
999 _c31155
_d31153